000 00663nam a2200181Ia 4500
008 151202s9999||||xx |||||||||||||| ||und||
082 _bPNVM-72121
100 _aकाणे मानसी.
245 _aगोष्टीरूप कृष्णकन्हैया.
260 _bपरी प्रकाशन कोल्हापूर.
260 _c72121
300 _a135
600 _aकाणे मानसी.
630 _aगोष्टीरूप कृष्णकन्हैया.
700 _aकाणे मानसी.
730 _aगोष्टीरूप कृष्णकन्हैया.
942 _cBOOK
999 _c1338789
_d1338786